000166556 001__ 166556
000166556 005__ 20260121131129.0
000166556 037__ $$aTAZ-TFG-2025-3774
000166556 041__ $$aspa
000166556 1001_ $$aPalacio Mingote, Bruno
000166556 24200 $$aThe representation of the Mayan world in Apocalypto (2006): audiovisual analysis and contrast with pre-Hispanic idealization
000166556 24500 $$aLa representación del mundo maya en Apocalypto (2006): análisis audiovisual y contraste con la idealización prehispánica
000166556 260__ $$aZaragoza$$bUniversidad de Zaragoza$$c2025
000166556 506__ $$aby-nc-sa$$bCreative Commons$$c3.0$$uhttp://creativecommons.org/licenses/by-nc-sa/3.0/
000166556 520__ $$aEste Trabajo de Fin de Grado analiza la representación del mundo maya prehispánico en el largometraje Apocalypto (2006), confrontando dicha representación con la imagen idealizada que de las civilizaciones americanas han propuesto diversas fuentes textuales, desde testimonios coloniales hasta ensayos contemporáneos. A partir de un marco teórico centrado en el análisis audiovisual, se lleva a cabo un estudio detallado de cinco fragmentos clave de la película, en los que se identifican los elementos narrativos y visuales que articulan una visión distorsionada pero intencionalmente crítica del mundo maya. Apocalypto plantea un relato de decadencia interna, violencia estructural y colapso previo al contacto colonial, lo que supone una ruptura respecto de la tradición textual que ha asociado sistemáticamente la destrucción del mundo indígena con la irrupción europea. Este enfoque permite además repensar el lugar que ocupa la obra dentro del debate sobre la Leyenda Negra y las representaciones fílmicas del pasado prehispánico, así como valorar su papel en la construcción contemporánea de imaginarios históricos. El estudio concluye que Apocalypto no pretende reconstruir con fidelidad la historia maya, sino utilizarla como marco alegórico para reflexionar sobre la fragilidad de las civilizaciones y el deterioro interno como elemento generador de su desaparición.<br /><br />
000166556 521__ $$aGraduado en Periodismo
000166556 540__ $$aDerechos regulados por licencia Creative Commons
000166556 691__ $$a0
000166556 692__ $$a
000166556 700__ $$aLope Salvador, Víctor$$edir.
000166556 7102_ $$aUniversidad de Zaragoza$$bUnidad Predepartamental de Periodismo y de Comunicación Audiovisual y Publicidad$$c
000166556 8560_ $$f840118@celes.unizar.es
000166556 8564_ $$s898605$$uhttps://zaguan.unizar.es/record/166556/files/TAZ-TFG-2025-3774.pdf$$yMemoria (spa)
000166556 909CO $$ooai:zaguan.unizar.es:166556$$pdriver$$ptrabajos-fin-grado
000166556 950__ $$a
000166556 951__ $$adeposita:2026-01-21
000166556 980__ $$aTAZ$$bTFG$$cFFYL
000166556 999__ $$a20250721082900.CREATION_DATE